[Event "Hallstahammar op"]
[Site "Hallstahammar"]
[Date "2004.09.12"]
[Round "7"]
[White "Nordenfur, Tim"]
[Black "Ostmark, Soren"]
[Result "1-0"]
[WhiteElo "1722"]
[BlackElo "1597"]
[PlyCount "93"]
[EventDate "2004.09.10"]
[EventType "swiss"]
[EventRounds "8"]
[EventCountry "SWE"]
[SourceTitle "EXT 2005"]
[Source "ChessBase"]
[SourceDate "2004.11.15"]
[SourceVersion "1"]
[SourceVersionDate "2004.11.15"]
[SourceQuality "1"]

1. e4 c6 2. d4 d5 3. Nd2 Nd7 4. Ngf3 e6 5. c4 dxe4 6. Nxe4 Ngf6 7. Nc3 Be7 8. g3 Nb6 9. b3 Nbd7 10. Bg2 Bb4 11. Bd2 Bxc3 12. Bxc3 Ne4 13. Bb2 Qa5+ 14. Nd2 Qxd2+ 15. Qxd2 Nxd2 16. Kxd2 0-0 17. Rad1 Rb8 18. Ba3 Re8 19. Bd6 Ra8 20. Rhe1 Nf6 21. Kc3 Bd7 22. b4 Rec8 23. Kb3 Ne8 24. Bf4 h6 25. d5 cxd5 26. cxd5 g5 27. Bc1 exd5 28. Bxd5 Bc6 29. Bc4 b5 30. Bf1 Rc7 31. Bb2 f6 32. Bd4 a5 33. Bb6 a4+ 34. Ka3 Rcc8 35. h4 Ra6 36. Bd8 Ra7 37. Bh3 Rb8 38. Re6 Bf3 39. Rxe8+ Kf7 40. Rde1 g4 41. Bf1 Rbb7 42. Bd3 Rd7 43. Bxb5 Rd2 44. Bc4+ Kg6 45. Rg8+ Kh7 46. Bxf6 Rc7 47. h5 1-0

[Event "Hallstahammar op"]
[Site "Hallstahammar"]
[Date "2004.09.12"]
[Round "8"]
[White "Ostmark, Soren"]
[Black "Holmgren, Peter"]
[Result "0-1"]
[WhiteElo "1597"]
[BlackElo "1841"]
[PlyCount "56"]
[EventDate "2004.09.10"]
[EventType "swiss"]
[EventRounds "8"]
[EventCountry "SWE"]
[SourceTitle "EXT 2005"]
[Source "ChessBase"]
[SourceDate "2004.11.15"]
[SourceVersion "1"]
[SourceVersionDate "2004.11.15"]
[SourceQuality "1"]

1. d4 d5 2. c4 c6 3. Nc3 Nf6 4. e3 e6 5. Nf3 Nbd7 6. Bd3 dxc4 7. Bxc4 b5 8. Bd3 a6 9. a3 c5 10. Bc2 Bb7 11. 0-0 Qc7 12. dxc5 Nxc5 13. b4 Rd8 14. Qe2 Nce4 15. Nxe4 Nxe4 16. Bb2 Bd6 17. Bxe4 Bxe4 18. Ng5 Bd3 19. Qh5 Bxf1 20. Bxg7 Rg8 21. Qxh7 Bxh2+ 22. Kxf1 Ke7 23. Qh6 Be5 24. Bxe5 Qxe5 25. Rc1 Qxg5 26. Rc7+ Rd7 27. Qh2 Qg4 28. f3 Qg3 0-1

[Event "Hallstahammar op"]
[Site "Hallstahammar"]
[Date "2004.09.11"]
[Round "5"]
[White "Kvarnstroem, Einar"]
[Black "Ostmark, Soren"]
[Result "0-1"]
[WhiteElo "1511"]
[BlackElo "1597"]
[PlyCount "116"]
[EventDate "2004.09.10"]
[EventType "swiss"]
[EventRounds "8"]
[EventCountry "SWE"]
[SourceTitle "EXT 2005"]
[Source "ChessBase"]
[SourceDate "2004.11.15"]
[SourceVersion "1"]
[SourceVersionDate "2004.11.15"]
[SourceQuality "1"]

1. e4 e5 2. Nf3 Nf6 3. Nc3 Nc6 4. d3 h6 5. a3 Be7 6. Be2 0-0 7. 0-0 Re8 8. Be3 d6 9. h3 b6 10. d4 exd4 11. Nxd4 Bb7 12. f3 Nxd4 13. Bxd4 d5 14. e5 Nd7 15. f4 Bc5 16. Bxc5 Nxc5 17. Bf3 c6 18. b4 Ne6 19. Bg4 Nc7 20. Qd2 Qe7 21. Qf2 f6 22. Rfe1 fxe5 23. Rxe5 Qf6 24. Rae1 Rf8 25. g3 Rae8 26. Qd2 Qd6 27. Qd3 Rxe5 28. Rxe5 Ba6 29. Qd1 g5 30. Qd2 gxf4 31. gxf4 Bc8 32. Bxc8 Rxc8 33. Qd3 Rf8 34. Qg3+ Kh7 35. Qh4 Qg6+ 36. Qg4 Qf6 37. Kh2 Rg8 38. Qf3 Ne6 39. Ne2 Rf8 40. Qe3 Nxf4 41. Re7+ Kg8 42. Nxf4 Qxf4+ 43. Qxf4 Rxf4 44. Kg3 Rc4 45. Rxa7 Rxc2 46. Kg4 c5 47. bxc5 bxc5 48. Kh5 Rc3 49. h4 d4 50. Kg6 Rg3+ 51. Kf6 d3 52. Ra8+ Kh7 53. Ra7+ Kh8 54. Rd7 c4 55. Rd8+ Rg8 56. Rd4 Rc8 57. Kg6 c3 58. Rxd3 c2 0-1

[Event "Hallstahammar op"]
[Site "Hallstahammar"]
[Date "2003.09.14"]
[Round "6"]
[White "Ostmark, Soren"]
[Black "Lindblom, Niklas"]
[Result "1-0"]
[WhiteElo "1439"]
[BlackElo "1827"]
[PlyCount "64"]
[EventDate "2003.09.12"]
[EventType "swiss"]
[EventRounds "7"]
[EventCountry "SWE"]
[SourceTitle "CBM 096 Extra"]
[Source "ChessBase"]
[SourceDate "2003.10.22"]
[SourceVersion "2"]
[SourceVersionDate "2003.10.20"]
[SourceQuality "1"]

1. d4 Nf6 2. Nf3 e6 3. e3 b6 4. Bd3 Bb7 5. 0-0 c5 6. b3 cxd4 7. exd4 Be7 8. Bb2 0-0 9. Nbd2 Nc6 10. a3 Rc8 11. Ne5 Nd5 12. Qh5 h6 13. f4 Nxe5 14. fxe5 Bg5 15. Nc4 Nf4 16. Rxf4 Bxf4 17. Nd6 Rb8 18. Nxb7 Rxb7 19. Qf3 Bxh2+ 20. Kxh2 Qh4+ 21. Kg1 Rc7 22. d5 Rc5 23. d6 f6 24. Rf1 f5 25. Qb7 Qd8 26. Qxa7 g5 27. Bd4 Ra5 28. Qxb6 Qa8 29. a4 Rb8 30. Qc7 Rb7 31. Qc3 Kf7 32. Qe1 Qg8 1-0